Economics and land use planning (Record no. 103746)

MARC details
000 -LEADER
fixed length control field 01413cam a2200217 4500
001 - CONTROL NUMBER
control field L127347
008 - FIXED-LENGTH DATA ELEMENTS--GENERAL INFORMATION
fixed length control field 040913n2004 000 0 eng u
020 ## - INTERNATIONAL STANDARD BOOK NUMBER
International Standard Book Number 140511861X
035 ## - SYSTEM CONTROL NUMBER
System control number (Sirsi) u127347
041 ## - LANGUAGE CODE
Language code of text/sound track or separate title eng
050 ## - LIBRARY OF CONGRESS CALL NUMBER
Classification number 711.1
-- 18
100 ## - MAIN ENTRY--PERSONAL NAME
Personal name Evans, Alan W.
245 ## - TITLE STATEMENT
Title Economics and land use planning
260 ## - PUBLICATION, DISTRIBUTION, ETC.
Place of publication, distribution, etc. Oxford
Name of publisher, distributor, etc. Blackwells
Date of publication, distribution, etc. 2004
300 ## - PHYSICAL DESCRIPTION
Extent xii, 209p.
Dimensions 25cm.
350 ## - PRICE (NR) (BK AM CF MU VM SE) [OBSOLETE]
Price 37.50
490 ## - SERIES STATEMENT
Series statement Blackwell Real Estate Issues
520 ## - SUMMARY, ETC.
Summary, etc. Provides an analysis of the economics of land use planning and the relationship between economics and planning; drawing together the economics literature on planning and setting it out systematically. Over the past 20 years the economic analysis of land use planning has used positive economics to examine the unintended effects of planning and the way economic forces have affected planning. Covers: the justification for intervention; evaluation and planning; controlling the density of development; zoning and conservatism; green belts; growth controls and urban growth boundaries; and planning and the land market. Also examines profits, planning gain, premium seeking and taxation, impact fees, economics consequences of higher land values, planning constraints, planning methods and concludes with a chapter on politics, public choice and political economy. References.
690 ## - LOCAL SUBJECT ADDED ENTRY--TOPICAL TERM (OCLC, RLIN)
Topical term or geographic name as entry element Planning and development
9 (RLIN) 6259
942 ## - ADDED ENTRY ELEMENTS (KOHA)
Suppress in OPAC 0
Holdings
Withdrawn status Lost status Source of classification or shelving scheme Damaged status Not for loan Home library Current library Shelving location Date acquired Cost, normal purchase price Total Checkouts Full call number Barcode Date last seen Date last checked out Copy number Cost, replacement price Price effective from Koha item type
    Dewey Decimal Classification     London London Books 04/05/2005 31.87 8 711.1 EVA 30070039 06/08/2019 08/10/2009 1 31.87 06/08/2019 Book